000 00626nam a2200169 4500
008 010817s1998 us 0 engYA
020 _a0802844731
090 _aBS445
_bT71j
100 1 _aTrebolle Barrera, Julio C.
240 0 0 _aLa Biblia judia y la Biblia cristiana. English
245 1 0 _aThe Jewish Bible and the Christian Bible :
_ban introduction to the history of the Bible /
_cby Julio C. Trebolle Barrera.
260 _aMichigan :
_bEerdmans,
_cc1998.
300 _a573 p.
504 _aIncludes bibliographical references.
650 4 _aBible
_xHistory.
951 _p20673
_oBS445/T71j
_j070613110946812
_d2000-12-21
_cREF
999 _c3017
_d3017